Visualizzazione normale
Vista MARC
- Martelli Augusto
di Personal Name
Records bibliografici associati: 1
001 - CONTROL NUMBER
- control field: 17759
003 - CONTROL NUMBER IDENTIFIER
- control field: IT-RoPau
005 - DATE AND TIME OF LATEST TRANSACTION
- control field: 20140329223619.0
008 - FIXED-LENGTH DATA ELEMENTS
- fixed length control field: 140329|| aca||aabn | a|a d
040 ## - CATALOGING SOURCE
- Original cataloging agency: IT-RoPau
- Transcribing agency: IT-RoPau
100 ## - HEADING--PERSONAL NAME
- Personal name: Martelli Augusto
- Miscellaneous information: Codice interprete SPICS: 11006
- Relator term: Interprete
670 ## - SOURCE DATA FOUND
- Source citation: Work cat.: (IT-RoPau)103647: Martelli Augusto 17755, Formula 5